000
00293nam a2200133Ia 4500
008
240703s9999 xx 000 0 und d
041
_a
eng
100
_a
Guntha
245
_a
Digital First
260
_b
Wiley India
365
_c
RS.
_b
689.00
906
_b
35
999
_c
41039
_d
41039